[Event "European Online Club-ch-A 2021"]
[Site "Online"]
[Date "2021.03.27"]
[Round "4.17"]
[White "Artemiev, Vladislav"]
[Black "Deac, Bogdan-Daniel"]
[Result "1/2-1/2"]
[WhiteElo "2709"]
[BlackElo "2625"]
[Annotator "TA"]
[PlyCount "205"]
[EventDate "2021.03.27"]
[EventType "team-tourn"]
[EventCountry "NET"]
[SourceTitle "playchess.com"]
[Source "ChessBase"]
[SourceQuality "1"]

{[%evp 10,204,33,22,25,14,31,28,38,35,37,15,39,36,38,35,52,35,75,54,57,30,36,31,37,12,20,18,14,0,17,18,22,16,20,16,33,33,37,37,89,93,136,129,131,131,132,132,121,123,129,116,156,89,89,86,101,101,113,92,123,113,118,109,189,173,213,139,147,146,256,231,312,280,296,95,273,273,317,329,321,346,353,322,332,347,354,354,357,244,244,241,241,237,218,205,204,197,189,108,116,108,108,108,108,108,108,108,108,108,108,108,108,8,8,8,108,108,100,15,15,0,0,0,15,15,15,0,0,0,0,0,0,0,0,0,0,0,0,0,8,8,15,8,15,8,8,8,8,8,15,15,15,0,8,8,15,15,15,15,15,15,15,15,15,15,15,0,0,0,15,15,15,15,15,15,15,0,0,0,0,0,0,0,0,0,0,0,0,0,0,0,0,0,0,0,0]} 1. e4 c6 2. d4 d5 3. exd5 cxd5 4. Bd3 Nc6 5. c3 Qc7 6. h3 e6 {B13: Caro-Kann: Exchange Variation and Panov-Botvinnik Attack.} 7. Nf3 Bd6 8. O-O Nge7 {White has an edge.} 9. Re1 h6 {[#]} 10. Na3 $146 {[%cal Bb1a3,Ba3c2,Bc2e3][%mdl 32]} ({Predecessor:} 10. b3 b6 11. Na3 a6 12. Nc2 O-O 13. Ne3 f5 14. c4 Bd7 15. Bb2 Nb4 16. Bf1 {1-0 (91) Swiercz,D (2649)-Li,C (2683) chess.com INT 2020}) 10... a6 11. Nc2 O-O 12. Ne3 f5 13. c4 Bd7 14. Bd2 Be8 15. cxd5 exd5 16. Qb3 Rd8 17. Nxd5 Nxd5 18. Qxd5+ {[%mdl 64] Double Attack} Kh8 $1 {Hoping for ...Bh2+!} 19. Qb3 Bh5 {And now ...Bxf3 would win.} 20. Bf1 Bxf3 21. Qxf3 Nxd4 22. Qh5 Qf7 23. Qxf7 Rxf7 24. Rac1 Rfd7 (24... Kh7 $14) 25. Ba5 $1 $16 Rf8 26. Bb6 $1 {[%cal Rb6d4]} Nc6 {[#]} 27. Bxa6 $1 {[%mdl 512]} Bf4 {[#]} 28. Rc4 bxa6 29. Rxc6 Rd2 30. Bc5 Ra8 31. Ba3 (31. g3 $142 Bg5 32. Bb4 Rxb2 33. Bc3 Rxa2 34. h4) 31... Bg5 32. Rce6 Bf6 33. R1e2 Rad8 34. Bc5 Bxb2 35. Rxd2 $1 Rxd2 36. Rxa6 Bd4 (36... Rd1+ $16 37. Kh2 Be5+ 38. g3 Rd5) 37. Bxd4 $18 Rxd4 {[%mdl 4096] Endgame KR-KR} 38. Kh2 f4 39. f3 Rd2 (39... Kg8 $16 {was worth a try.} 40. Ra7 Rd6) 40. h4 h5 41. Ra5 g6 42. Ra7 $2 (42. a4 $1 $18 {is the precise move to win.}) 42... Rc2 $2 (42... Rd1 $16 {keeps fighting.} 43. a4 Kg8) 43. a4 {[%cal Ba2a4,Ba4a5,Ba5a6][%mdl 32]} Ra2 44. a5 Kg8 45. a6 Kf8 46. Kg1 Ke8 47. Kf1 Kf8 48. Ke1 Ke8 49. Kd1 Kd8 50. Ra8+ Kc7 51. a7 $1 Kb7 52. Rg8 Kxa7 53. Rxg6 Kb7 54. Ke1 (54. Rg5 $18) 54... Ra1+ $16 55. Kf2 Rh1 {[#]} 56. Ke2 $1 Rxh4 {[#]} 57. Kd3 $1 Kc7 58. Ke4 Kd7 59. Kf5 Ke7 60. Rg7+ Kf8 61. Rg5 (61. Rc7 $16) 61... Kf7 $11 62. Ke5 Ke7 (62... Rh2 $11 {remains equal.}) 63. Rg7+ $16 Kf8 64. Kf6 (64. Ra7 $16) 64... Rh2 $1 $11 {The position is equal.} 65. Rf7+ (65. Ra7 {seems wilder.} Ke8 66. Ra8+ Kd7 67. Rg8 h4 68. Rg4) 65... Kg8 66. Rg7+ Kf8 67. Ra7 {[%cal Ra7a8]} Kg8 68. Ra2 h4 $1 69. Kg6 {[%cal Ra2a8]} Kf8 70. Kf5 h3 $1 71. Kf6 {[%cal Ra2a8]} Ke8 72. Ra8+ Kd7 73. gxh3 Rxh3 74. Ra3 Rh6+ 75. Kg5 Re6 76. Ra5 Ke7 77. Rf5 Ra6 78. Rxf4 Rb6 79. Rf5 Ra6 80. f4 Rb6 81. Kg4 Rb1 82. Ra5 Rb6 83. Kg5 Kf7 84. Ra7+ Kf8 85. Rd7 Rc6 86. Kf5 Rb6 87. Ke5 Ra6 88. f5 Rb6 89. Kf4 Ra6 90. Kg5 Rb6 91. Ra7 $1 Rc6 92. Rh7 Rb6 93. Rh6 (93. Kg4 {feels hotter.} Kg8 94. Ra7 Rh6 95. Kg5 Rb6 96. Re7) 93... Rxh6 94. Kxh6 {White wants to mate with Kg6. KP-K} Kf7 95. Kg5 Kg7 96. f6+ (96. Kg4 {is interesting.} Kf7 97. Kf4 Kf8 98. Ke5 Kf7 99. Kf4) 96... Kf7 97. Kf5 $1 Kf8 98. Kg6 (98. Ke4 {keeps more tension.} Ke8 99. Kf4 Kf8 100. Kf3 Kf7 101. Ke4) 98... Kg8 99. Kh6 {Intending Kg6 and mate.} Kf7 100. Kg5 Kf8 101. Kg6 Kg8 102. f7+ Kf8 103. Kf6 {Black escapes into a draw.  Weighted Error Value: White=0.12/Black=0.15} 1/2-1/2

[Event "European Online Club-ch-A 2021"]
[Site "Online"]
[Date "2021.03.27"]
[Round "4.18"]
[White "Istratescu, Andrei"]
[Black "Kamsky, Gata"]
[Result "1/2-1/2"]
[WhiteElo "2553"]
[BlackElo "2665"]
[Annotator "TA"]
[PlyCount "67"]
[EventDate "2021.03.27"]
[EventType "team-tourn"]
[EventCountry "NET"]
[SourceTitle "playchess.com"]
[Source "ChessBase"]
[SourceQuality "1"]

{[%evp 10,67,39,18,20,0,12,0,14,14,16,23,28,0,0,-20,-19,-12,-14,-18,-6,-9,-15,-10,-13,-21,-35,-36,-29,-30,-20,-20,-24,-18,-14,-25,-35,-38,-9,-36,0,-30,0,-6,0,-34,-6,-6,0,-24,-16,-58,0,-16,-22,-51,-51,-77,0,0]} 1. d4 d5 2. c4 c6 3. Nf3 Nf6 4. Nc3 a6 5. c5 g6 6. Bf4 Nh5 {D15: Slav Defence: 4 Nc3 a6 and gambit lines after 4 Nc3 dxc4.} 7. Bd2 Bg7 8. h3 {8.g3 is the fancy move.} Nd7 9. e4 dxe4 10. Nxe4 Ndf6 {[#]} 11. Nxf6+ $146 (11. Nc3 {is interesting.} Nd5 12. Bc4 Be6 13. Qb3 O-O 14. O-O) ({Predecessor:} 11. Nc3 Nd5 12. Bc4 Nhf4 13. O-O Be6 14. Ne4 h6 15. Re1 Qc7 16. Ne5 g5 17. Qa4 Bxe5 18. Bxd5 Nxh3+ {0-1 (58) Mareco,S (2589)-Cubas,J (2507) Maringa 2012}) 11... Bxf6 12. Be3 {[#] And now g4 would win.} Ng7 13. Qd2 Be6 14. Be2 Bd5 15. O-O O-O 16. Ne5 Nf5 17. Ng4 Bg7 18. Nh6+ Nxh6 19. Bxh6 a5 20. Bxg7 Kxg7 21. b3 e6 22. Qe3 Qf6 23. Rfd1 Rfb8 (23... a4 {is more complex.} 24. Bc4 Rfd8 25. Rac1 axb3 26. axb3 Ra3) 24. Rd2 (24. Bc4 {is more complex.} a4 25. Bxd5 exd5 26. Qd2 axb3 27. axb3 b6 28. Rxa8 Rxa8 29. cxb6 Rb8 30. Qb4) 24... b5 25. Re1 b4 (25... a4 {keeps more tension.} 26. b4 Rd8 27. Bg4 h6 28. a3 Ra7) 26. Bd1 Rd8 (26... h6 {seems wilder.} 27. f3 Rg8 28. f4 Qh4 29. Rf2 Rgd8) 27. Bc2 (27. Qg3 {feels hotter.} h6 28. Re5 g5 29. Qe3 Qf4 30. Qe2) 27... h6 (27... a4 $5) 28. Bd1 Rd7 29. Ree2 (29. Rf1 {with more complications.} Re8 30. f4 Rh8 31. Bc2 Ra8 32. Bd1) 29... Rad8 30. Rd3 Ra8 (30... a4 $15) 31. Qd2 Qg5 {[%csl Gd5][%cal Rg5g2] [#]} 32. f4 Qf6 33. Re5 Rad8 (33... a4 $17 34. Re1 Kg8) 34. Qf2 {Weighted Error Value: White=0.13/Black=0.12} 1/2-1/2

[Event "European Online Club-ch-A 2021"]
[Site "Online"]
[Date "2021.03.27"]
[Round "4.19"]
[White "Timofeev, Artyom"]
[Black "Marin, Mihail"]
[Result "1/2-1/2"]
[WhiteElo "2594"]
[BlackElo "2502"]
[Annotator "ChessBase"]
[PlyCount "153"]
[EventDate "2021.03.27"]
[EventType "team-tourn"]
[EventCountry "NET"]
[SourceTitle "playchess.com"]
[Source "ChessBase"]
[SourceQuality "1"]
[TimeControl "900+5"]

1. d4 {[%emt 0:00:00]} Nf6 {[%emt 0:00:05]} 2. c4 {[%emt 0:00:03]} e6 {[%emt 0:00:04]} 3. e3 {[%emt 0:00:15]} b6 {[%emt 0:00:18]} 4. Bd3 {[%emt 0:00:10]} Bb7 {[%emt 0:00:05]} 5. Nf3 {[%emt 0:00:03]} Be7 {[%emt 0:00:14]} 6. Nc3 {[%emt 0:00:09]} d5 {[%emt 0:00:03]} 7. O-O {[%emt 0:00:06]} O-O {[%emt 0:00:03]} 8. cxd5 {[%emt 0:00:37]} exd5 {[%emt 0:00:05]} 9. Ne5 {[%emt 0:00:07]} c5 {[%emt 0:00:07]} 10. Bd2 {[%emt 0:00:24]} Nc6 {[%emt 0:00:13]} 11. Nxc6 {[%emt 0:00:05]} Bxc6 {[%emt 0:00:02]} 12. dxc5 {[%emt 0:00:11]} bxc5 {[%emt 0:00:03]} 13. Rc1 {[%emt 0:00:03]} Qb6 {[%emt 0:00:59]} 14. b3 {[%emt 0:00:05]} Rad8 {[%emt 0:00:15]} 15. Qc2 {[%emt 0:00:06]} Rfe8 {[%emt 0:00:24]} 16. Rfd1 {[%emt 0:00:23]} Qb7 {[%emt 0:00:12]} 17. Bf1 {[%emt 0:00:31]} d4 {[%emt 0:01:06]} 18. Na4 {[%emt 0:00:07]} d3 {[%emt 0:01:09]} 19. Qc4 {[%emt 0:00:28]} Ne4 {[%emt 0:00:30]} 20. Nc3 {[%emt 0:00:06]} Bf8 {[%emt 0:00:50]} 21. Nxe4 {[%emt 0:00:31]} Rxe4 {[%emt 0:00:05]} 22. Qc3 {[%emt 0:00:02]} Rg4 {[%emt 0:00:33]} 23. g3 {[%emt 0:00:03]} Bf3 {[%emt 0:00:47]} 24. Re1 {[%emt 0:00:04]} Qd5 {[%emt 0:00:23]} 25. Qa5 {[%emt 0:00:36]} Rd7 {[%emt 0:00:30]} 26. Qb5 {[%emt 0:00:22]} Rh4 {[%emt 0:01:58]} 27. Rc4 {[%emt 0:00:37]} Rxc4 {[%emt 0:00:26]} 28. bxc4 {[%emt 0:00:07]} Qe6 {[%emt 0:00:17]} 29. e4 {[%emt 0:00:16]} a6 {[%emt 0:00:53]} 30. Qb3 {[%emt 0:00:06]} g5 {[%emt 0:01:45]} 31. Bxg5 {[%emt 0:00:22]} Qg4 {[%emt 0:00:21]} 32. Bd2 {[%emt 0:00:53]} Bxe4 {[%emt 0:00:14]} 33. Bg2 {[%emt 0:00:46]} Bxg2 {[%emt 0:00:11]} 34. Kxg2 {[%emt 0:00:01]} Qd4 {[%emt 0:00:03]} 35. Qc3 {[%emt 0:01:39]} Qxc3 {[%emt 0:00:32]} 36. Bxc3 {[%emt 0:00:03]} f5 {[%emt 0:00:16]} 37. Bd2 {[%emt 0:00:44]} Bg7 {[%emt 0:00:09]} 38. Kf3 {[%emt 0:00:04]} Kf7 {[%emt 0:00:08]} 39. Rb1 {[%emt 0:00:10]} Be5 {[%emt 0:00:20]} 40. Ke3 {[%emt 0:00:29]} Bd4+ {[%emt 0:00:11]} 41. Kxd3 {[%emt 0:00:11]} Bxf2+ {[%emt 0:00:05]} 42. Ke2 {[%emt 0:00:02]} Bd4 {[%emt 0:00:04]} 43. Bf4 {[%emt 0:00:04]} Bc3 {[%emt 0:00:23]} 44. Rb3 {[%emt 0:00:15]} Re7+ {[%emt 0:00:18]} 45. Kd3 {[%emt 0:01:59]} Bd4 {[%emt 0:00:03]} 46. Rb6 {[%emt 0:00:06]} Re1 {[%emt 0:00:13]} 47. Rxa6 {[%emt 0:00:08]} Rd1+ {[%emt 0:00:12]} 48. Ke2 {[%emt 0:00:15]} Rg1 {[%emt 0:00:08]} 49. h4 {[%emt 0:01:07]} Rg2+ {[%emt 0:00:03]} 50. Kd3 {[%emt 0:00:01]} Bf2 {[%emt 0:00:11]} 51. Ra7+ {[%emt 0:00:02]} Kg6 {[%emt 0:00:06]} 52. Be5 {[%emt 0:00:04]} Kh6 {[%emt 0:00:18]} 53. Rg7 {[%emt 0:01:43]} f4 {[%emt 0:00:04]} 54. g4 {[%emt 0:00:03]} Bxh4 {[%emt 0:00:09]} 55. Rg8 {[%emt 0:00:44]} Bg5 {[%emt 0:00:08]} 56. Bg7+ {[%emt 0:00:06]} Kg6 {[%emt 0:00:02]} 57. Be5+ {[%emt 0:00:05]} Kh6 {[%emt 0:00:02]} 58. Ke4 {[%emt 0:00:40]} Rxg4 {[%emt 0:00:12]} 59. Kf5 {[%emt 0:00:03]} Rg3 {[%emt 0:00:04]} 60. a4 {[%emt 0:00:03]} Kh5 {[%emt 0:00:05]} 61. a5 {[%emt 0:00:07]} h6 {[%emt 0:00:03]} 62. a6 {[%emt 0:00:13]} Ra3 {[%emt 0:00:03]} 63. Bxf4 {[%emt 0:00:08]} Bxf4 {[%emt 0:00:05]} 64. Kxf4 {[%emt 0:00:01]} Rxa6 {[%emt 0:00:02]} 65. Rc8 {[%emt 0:00:02]} Rf6+ {[%emt 0:00:08]} 66. Ke5 {[%emt 0:00:07]} Kg5 {[%emt 0:00:06]} 67. Rxc5 {[%emt 0:00:05]} Rf5+ {[%emt 0:00:08]} 68. Kd6 {[%emt 0:00:05]} Rxc5 {[%emt 0:00:02]} 69. Kxc5 {[%emt 0:00:02]} h5 {[%emt 0:00:02]} 70. Kb6 {[%emt 0:00:02]} h4 {[%emt 0:00:03]} 71. c5 {[%emt 0:00:02]} h3 {[%emt 0:00:02]} 72. c6 {[%emt 0:00:01]} h2 {[%emt 0:00:02]} 73. c7 {[%emt 0:00:01]} h1=Q {[%emt 0:00:02]} 74. c8=Q {[%emt 0:00:02]} Qb1+ {[%emt 0:00:03]} 75. Kc7 {[%emt 0:00:02]} Qc2+ {[%emt 0:00:01]} 76. Kb8 {[%emt 0:00:02]} Qxc8+ {[%emt 0:00:02]} 77. Kxc8 {[%emt 0:00:01]} 1/2-1/2

[Event "European Online Club-ch-A 2021"]
[Site "Online"]
[Date "2021.03.27"]
[Round "4.20"]
[White "Costachi, Mihnea"]
[Black "Sharafiev, Azat"]
[Result "0-1"]
[WhiteElo "2471"]
[BlackElo "2432"]
[Annotator "ChessBase"]
[PlyCount "70"]
[EventDate "2021.03.27"]
[EventType "team-tourn"]
[EventCountry "NET"]
[SourceTitle "playchess.com"]
[Source "ChessBase"]
[SourceQuality "1"]
[TimeControl "900+5"]

1. d4 {[%emt 0:00:00]} Nf6 {[%emt 0:00:03]} 2. c4 {[%emt 0:00:03]} g6 {[%emt 0:00:01]} 3. Nc3 {[%emt 0:00:02]} Bg7 {[%emt 0:00:03]} 4. e4 {[%emt 0:00:01]} d6 {[%emt 0:00:02]} 5. Be2 {[%emt 0:00:01]} O-O {[%emt 0:00:07]} 6. Bg5 {[%emt 0:00:03]} h6 {[%emt 0:00:03]} 7. Be3 {[%emt 0:00:02]} c5 {[%emt 0:00:02]} 8. d5 {[%emt 0:00:02]} e6 {[%emt 0:00:01]} 9. Nf3 {[%emt 0:00:02]} exd5 {[%emt 0:00:07]} 10. cxd5 {[%emt 0:00:01]} Ng4 {[%emt 0:01:33]} 11. Bf4 {[%emt 0:00:04]} Re8 {[%emt 0:00:09]} 12. Nd2 {[%emt 0:01:44]} Ne5 {[%emt 0:00:52]} 13. O-O {[%emt 0:00:04]} b6 {[%emt 0:00:30]} 14. Bg3 {[%emt 0:00:07]} Ba6 {[%emt 0:01:04]} 15. Nb5 {[%emt 0:00:14]} g5 {[%emt 0:00:42]} 16. a4 {[%emt 0:00:24]} Bxb5 {[%emt 0:01:05]} 17. axb5 {[%emt 0:00:10]} Ng6 {[%emt 0:00:01]} 18. Qc2 {[%emt 0:00:14]} Nf4 {[%emt 0:00:09]} 19. Bxf4 {[%emt 0:00:42]} gxf4 {[%emt 0:00:02]} 20. Nc4 {[%emt 0:00:01]} Be5 {[%emt 0:01:10]} 21. Bg4 {[%emt 0:00:26]} Nd7 {[%emt 0:00:26]} 22. Qe2 {[%emt 0:00:23]} Nf6 {[%emt 0:00:56]} 23. Bf5 {[%emt 0:00:08]} Kh8 {[%emt 0:03:31]} 24. Ra3 {[%emt 0:00:22]} Rg8 {[%emt 0:00:14]} 25. Rfa1 {[%emt 0:00:17]} Qc7 {[%emt 0:00:50]} 26. Kh1 {[%emt 0:04:02]} Rg5 {[%emt 0:00:13]} 27. Bh3 {[%emt 0:00:05]} Bd4 {[%emt 0:00:56]} 28. Qf3 {[%emt 0:03:38]} Qe7 {[%emt 0:00:08]} 29. Bf5 {[%emt 0:00:11]} Nxd5 {[%emt 0:02:11]} 30. e5 {[%emt 0:00:03]} Rxf5 {[%emt 0:00:06]} 31. Qxd5 {[%emt 0:00:02]} Rf8 {[%emt 0:00:13]} 32. Rxa7 {[%emt 0:00:26]} Rxe5 {[%emt 0:00:05]} 33. Nxe5 {[%emt 0:01:38]} Qxe5 {[%emt 0:00:02]} 34. Qxe5+ {[%emt 0:00:01]} dxe5 {[%emt 0:00:01]} 35. Ra8 {[%emt 0:01:00]} Kg7 {[%emt 0:00:02]} 0-1

[Event "European Online Club-ch-A 2021"]
[Site "Online"]
[Date "2021.03.27"]
[Round "5.1"]
[White "Deac, Bogdan-Daniel"]
[Black "Horvath, Laszlo"]
[Result "1-0"]
[WhiteElo "2625"]
[BlackElo "2183"]
[Annotator "ChessBase"]
[PlyCount "49"]
[EventDate "2021.03.27"]
[EventType "team-tourn"]
[EventCountry "NET"]
[SourceTitle "playchess.com"]
[Source "ChessBase"]
[SourceQuality "1"]
[TimeControl "900+5"]

1. b3 {[%emt 0:00:00]} e5 {[%emt 0:00:24]} 2. Bb2 {[%emt 0:00:03]} Nc6 {[%emt 0:00:04]} 3. e3 {[%emt 0:00:03]} d5 {[%emt 0:00:04]} 4. Nf3 {[%emt 0:00:22]} Bd6 {[%emt 0:00:06]} 5. Bb5 {[%emt 0:01:15]} f6 {[%emt 0:00:06]} 6. c4 {[%emt 0:00:33]} dxc4 {[%emt 0:00:55]} 7. bxc4 {[%emt 0:00:18]} Bd7 {[%emt 0:00:11]} 8. O-O {[%emt 0:00:28]} Nh6 {[%emt 0:00:41]} 9. d4 {[%emt 0:00:19]} exd4 {[%emt 0:00:05]} 10. exd4 {[%emt 0:00:06]} Nf7 {[%emt 0:02:19]} 11. Re1+ {[%emt 0:01:17]} Kf8 {[%emt 0:00:38]} 12. Nbd2 {[%emt 0:01:35]} a6 {[%emt 0:02:20]} 13. Ba4 {[%emt 0:00:05]} Ne7 {[%emt 0:00:46]} 14. Bb3 {[%emt 0:00:25]} Bf5 {[%emt 0:01:23]} 15. Ne4 {[%emt 0:00:17]} Qd7 {[%emt 0:00:38]} 16. d5 {[%emt 0:00:25]} Bxe4 {[%emt 0:00:14]} 17. Rxe4 {[%emt 0:00:03]} Re8 {[%emt 0:00:07]} 18. Nd4 {[%emt 0:00:57]} Ng5 {[%emt 0:00:14]} 19. Re3 {[%emt 0:00:03]} Ng6 {[%emt 0:00:23]} 20. Ne6+ {[%emt 0:01:54]} Nxe6 {[%emt 0:00:07]} 21. dxe6 {[%emt 0:00:03]} Qe7 {[%emt 0:00:15]} 22. Qf3 {[%emt 0:00:21]} Ne5 {[%emt 0:00:12]} 23. Bxe5 {[%emt 0:00:03]} Bc5 {[%emt 0:00:31]} 24. Ree1 {[%emt 0:00:15]} Qxe6 {[%emt 0:00:03]} 25. Bc3 {[%emt 0:00:03]} 1-0

[Event "European Online Club-ch-A 2021"]
[Site "Online"]
[Date "2021.03.27"]
[Round "5.2"]
[White "Krieger, Markus"]
[Black "Istratescu, Andrei"]
[Result "0-1"]
[WhiteElo "2050"]
[BlackElo "2553"]
[Annotator "ChessBase"]
[PlyCount "54"]
[EventDate "2021.03.27"]
[EventType "team-tourn"]
[EventCountry "NET"]
[SourceTitle "playchess.com"]
[Source "ChessBase"]
[SourceQuality "1"]
[TimeControl "900+5"]

1. e4 {[%emt 0:00:00]} c5 {[%emt 0:00:04]} 2. Nc3 {[%emt 0:00:03]} Nc6 {[%emt 0:00:03]} 3. Bb5 {[%emt 0:00:07]} g6 {[%emt 0:00:11]} 4. Bxc6 {[%emt 0:00:03]} bxc6 {[%emt 0:00:03]} 5. d3 {[%emt 0:00:00]} Bg7 {[%emt 0:00:03]} 6. f4 {[%emt 0:00:02]} d6 {[%emt 0:00:03]} 7. Nf3 {[%emt 0:00:02]} Nf6 {[%emt 0:00:04]} 8. O-O {[%emt 0:00:04]} O-O {[%emt 0:00:02]} 9. Qe1 {[%emt 0:00:04]} Ne8 {[%emt 0:00:23]} 10. Be3 {[%emt 0:00:23]} f5 {[%emt 0:00:09]} 11. e5 {[%emt 0:00:26]} Nc7 {[%emt 0:00:09]} 12. Rd1 {[%emt 0:00:24]} Kh8 {[%emt 0:00:27]} 13. Qh4 {[%emt 0:00:35]} Be6 {[%emt 0:00:05]} 14. Rde1 {[%emt 0:00:32]} Bg8 {[%emt 0:00:03]} 15. Bf2 {[%emt 0:00:45]} Ne6 {[%emt 0:00:11]} 16. Ng5 {[%emt 0:00:33]} Nxg5 {[%emt 0:00:03]} 17. Qxg5 {[%emt 0:00:03]} Rb8 {[%emt 0:00:10]} 18. Nd1 {[%emt 0:00:30]} Re8 {[%emt 0:00:15]} 19. Bh4 {[%emt 0:00:29]} dxe5 {[%emt 0:00:17]} 20. fxe5 {[%emt 0:00:05]} c4 {[%emt 0:00:02]} 21. dxc4 {[%emt 0:00:40]} Bxc4 {[%emt 0:00:27]} 22. Rf2 {[%emt 0:01:17]} Be6 {[%emt 0:00:14]} 23. Rd2 {[%emt 0:00:15]} Qa5 {[%emt 0:00:09]} 24. a3 {[%emt 0:00:24]} h6 {[%emt 0:00:17]} 25. Qe3 {[%emt 0:00:06]} g5 {[%emt 0:00:02]} 26. Bf2 {[%emt 0:00:04]} f4 {[%emt 0:00:07]} 27. Qxa7 {[%emt 0:00:12]} Qxd2 {[%emt 0:00:04]} 0-1

[Event "European Online Club-ch-A 2021"]
[Site "Online"]
[Date "2021.03.27"]
[Round "5.3"]
[White "Marin, Mihail"]
[Black "Ferster, Fabian"]
[Result "1-0"]
[WhiteElo "2502"]
[BlackElo "2149"]
[Annotator "ChessBase"]
[PlyCount "149"]
[EventDate "2021.03.27"]
[EventType "team-tourn"]
[EventCountry "NET"]
[SourceTitle "playchess.com"]
[Source "ChessBase"]
[SourceQuality "1"]
[TimeControl "900+5"]

1. d4 {[%emt 0:00:00]} Nf6 {[%emt 0:00:03]} 2. Nf3 {[%emt 0:00:02]} g6 {[%emt 0:00:04]} 3. g3 {[%emt 0:00:03]} Bg7 {[%emt 0:00:03]} 4. Bg2 {[%emt 0:00:01]} O-O {[%emt 0:00:03]} 5. O-O {[%emt 0:00:02]} d5 {[%emt 0:00:08]} 6. Nbd2 {[%emt 0:00:08]} c6 {[%emt 0:00:29]} 7. c4 {[%emt 0:00:03]} Re8 {[%emt 0:00:09]} 8. b3 {[%emt 0:00:06]} Bg4 {[%emt 0:01:01]} 9. h3 {[%emt 0:00:10]} Bxf3 {[%emt 0:00:02]} 10. Nxf3 {[%emt 0:00:11]} Nbd7 {[%emt 0:00:12]} 11. Bb2 {[%emt 0:00:04]} a5 {[%emt 0:02:39]} 12. Qc2 {[%emt 0:01:21]} a4 {[%emt 0:00:18]} 13. Rab1 {[%emt 0:00:31]} axb3 {[%emt 0:01:34]} 14. axb3 {[%emt 0:00:04]} Ra2 {[%emt 0:00:39]} 15. Ra1 {[%emt 0:00:04]} Rxa1 {[%emt 0:00:07]} 16. Rxa1 {[%emt 0:00:03]} Qb6 {[%emt 0:00:04]} 17. e3 {[%emt 0:01:21]} Ne4 {[%emt 0:01:25]} 18. Ne1 {[%emt 0:00:28]} e5 {[%emt 0:00:48]} 19. dxe5 {[%emt 0:00:52]} Nxe5 {[%emt 0:00:09]} 20. cxd5 {[%emt 0:00:15]} cxd5 {[%emt 0:00:06]} 21. Bd4 {[%emt 0:00:33]} Qc6 {[%emt 0:00:14]} 22. Qb2 {[%emt 0:00:16]} f6 {[%emt 0:00:45]} 23. Rc1 {[%emt 0:00:21]} Qd7 {[%emt 0:00:37]} 24. Rd1 {[%emt 0:00:07]} Qb5 {[%emt 0:00:12]} 25. Bf1 {[%emt 0:03:10]} Qb4 {[%emt 0:00:32]} 26. Nd3 {[%emt 0:00:52]} Qd6 {[%emt 0:01:38]} 27. Bg2 {[%emt 0:00:22]} Nc6 {[%emt 0:00:57]} 28. Nf4 {[%emt 0:00:21]} Nxd4 {[%emt 0:01:27]} 29. Qxd4 {[%emt 0:00:06]} f5 {[%emt 0:00:16]} 30. Qxd5+ {[%emt 0:00:05]} Qxd5 {[%emt 0:00:03]} 31. Nxd5 {[%emt 0:00:31]} Ra8 {[%emt 0:00:12]} 32. Bxe4 {[%emt 0:00:39]} fxe4 {[%emt 0:00:03]} 33. Nc7 {[%emt 0:00:04]} Rc8 {[%emt 0:00:37]} 34. Rd7 {[%emt 0:00:16]} Be5 {[%emt 0:00:04]} 35. Nd5 {[%emt 0:00:23]} Rc5 {[%emt 0:00:03]} 36. Nf4 {[%emt 0:01:26]} Bxf4 {[%emt 0:00:07]} 37. gxf4 {[%emt 0:00:02]} Rb5 {[%emt 0:00:00]} 38. Rd4 {[%emt 0:00:07]} Rxb3 {[%emt 0:00:03]} 39. Rxe4 {[%emt 0:00:02]} Rb1+ {[%emt 0:00:10]} 40. Kg2 {[%emt 0:00:03]} Kf7 {[%emt 0:00:02]} 41. Rc4 {[%emt 0:00:02]} h5 {[%emt 0:00:02]} 42. Rc7+ {[%emt 0:00:07]} Kf6 {[%emt 0:00:02]} 43. h4 {[%emt 0:00:02]} b5 {[%emt 0:00:02]} 44. Rb7 {[%emt 0:00:03]} b4 {[%emt 0:00:01]} 45. Kf3 {[%emt 0:00:02]} b3 {[%emt 0:00:02]} 46. Rb6+ {[%emt 0:00:02]} Kf7 {[%emt 0:00:04]} 47. Ke4 {[%emt 0:00:08]} b2 {[%emt 0:00:08]} 48. Ke5 {[%emt 0:00:26]} Kg7 {[%emt 0:00:28]} 49. Rb7+ {[%emt 0:00:09]} Kh6 {[%emt 0:00:02]} 50. Kf6 {[%emt 0:00:14]} Rh1 {[%emt 0:00:06]} 51. Rxb2 {[%emt 0:00:04]} Rxh4 {[%emt 0:00:03]} 52. Rb8 {[%emt 0:00:04]} Kh7 {[%emt 0:00:02]} 53. f5 {[%emt 0:00:43]} gxf5 {[%emt 0:00:06]} 54. Kxf5 {[%emt 0:00:02]} Rh2 {[%emt 0:00:05]} 55. f4 {[%emt 0:00:03]} h4 {[%emt 0:00:01]} 56. Kg4 {[%emt 0:00:04]} h3 {[%emt 0:00:06]} 57. Re8 {[%emt 0:00:09]} Kg6 {[%emt 0:00:07]} 58. Rh8 {[%emt 0:00:13]} Rg2+ {[%emt 0:00:08]} 59. Kxh3 {[%emt 0:00:08]} Re2 {[%emt 0:00:01]} 60. Re8 {[%emt 0:00:02]} Kf7 {[%emt 0:00:02]} 61. Re5 {[%emt 0:00:03]} Kf6 {[%emt 0:00:02]} 62. Kg3 {[%emt 0:00:02]} Re1 {[%emt 0:00:02]} 63. Kf3 {[%emt 0:00:02]} Rf1+ {[%emt 0:00:02]} 64. Ke4 {[%emt 0:00:02]} Rd1 {[%emt 0:00:02]} 65. Rd5 {[%emt 0:00:04]} Ra1 {[%emt 0:00:03]} 66. Rd6+ {[%emt 0:00:02]} Ke7 {[%emt 0:00:02]} 67. Rb6 {[%emt 0:00:03]} Ra3 {[%emt 0:00:03]} 68. f5 {[%emt 0:00:02]} Kf7 {[%emt 0:00:02]} 69. Kf4 {[%emt 0:00:02]} Ke7 {[%emt 0:00:08]} 70. e4 {[%emt 0:00:03]} Ra4 {[%emt 0:00:03]} 71. f6+ {[%emt 0:00:09]} Kf7 {[%emt 0:00:02]} 72. Kf5 {[%emt 0:00:03]} Ra5+ {[%emt 0:00:04]} 73. e5 {[%emt 0:00:03]} Ra1 {[%emt 0:00:00]} 74. Rb7+ {[%emt 0:00:02]} Kf8 {[%emt 0:00:03]} 75. Rb8+ {[%emt 0:00:02]} 1-0